Capital Bra, Samra & LEA - 110 (Lyrics) - Statistiken

Allgemein
  • Dieses Quiz wurde 653 mal gespielt
  • Das Durchschnittsergebnis liegt bei 302 aus 452
Antwortstatistiken
Lyrics % Korrekt
'n
97%
110.
94%
Ich
94%
ich
94%
wir
94%
Wir
94%
Liebe
93%
uns
93%
du
92%
Du
92%
wär
92%
LEA Wenn
92%
wenn
92%
warum
91%
Warum
91%
doch
90%
Doch
90%
weh?
90%
der
89%
lieben
89%
und
89%
Capital Bra Und
89%
die
88%
Nachbar
88%
da
87%
es
87%
von
86%
oben
85%
so
85%
tun
84%
das
83%
die
83%
hab'
83%
hab'.
83%
tut
82%
wählt
82%
mich
81%
nicht
81%
nicht.
81%
an
80%
dir
79%
will
78%
weiß
77%
dass
76%
gehst.
76%
übertrieben
74%
geb'
73%
Schuld
73%
hab's
71%
schreist
71%
sie
61%
Mann
60%
Mann,
60%
dich
59%
dich.
59%
ist
54%
ist's
54%
den
53%
für
50%
Aber
49%
aber
49%
alle
49%
er
49%
habe.
48%
mir
48%
wie
47%
auf
46%
auf.
46%
sagen:
46%
kann's
45%
Kein
45%
Ja
44%
auch
43%
Samra Bei
43%
hassen.
43%
hassen
43%
im
43%
keine
43%
alles
42%
dem
42%
mit
42%
nie
42%
hat
41%
Mein
40%
meinem
40%
seit
40%
Spielplatz.
40%
kannst
39%
kennen
39%
Schaden.
39%
Scheiß
39%
verlassen
39%
verlassen.
39%
anders
37%
was
37%
Was
37%
würd'
37%
bisschen
36%
Ehrensache.
36%
in
36%
Nur
36%
fragen
35%
schon
35%
wenig
35%
zeig'
35%
damals
34%
Jugendheim.
33%
teilen
33%
Bitches
32%
Bitches.
32%
denke
32%
würde
31%
diese
30%
findest
30%
Findest
30%
noch
30%
weil
30%
zwei
30%
Absicht
29%
ihn
29%
Karten.
29%
liebst
29%
böse
28%
denn
28%
gerade
28%
Nachricht.
28%
am
27%
Deine
27%
bleiben
26%
scheiße
26%
schick'
26%
verdient
26%
bin.
25%
fühle
25%
Gin
25%
Plan
25%
waren.
25%
waren
25%
deswegen
24%
wissen
24%
Herz
23%
Krieg
23%
sollst
23%
wenigsten
23%
zeigen
23%
liken
22%
schreiben.
22%
haben
21%
obwohl
21%
Arm.
20%
Freundinnen
20%
hart?
20%
Nacht
20%
schreien
20%
Bar
19%
Kasse
19%
komisch
19%
schreib's
19%
vermiss'
19%
aus
18%
besoffen
18%
gebrochen
18%
ständig
18%
laut.
17%
Türen
17%
Gläser
16%
knallen
16%
lagst
16%
mehr
16%
Rauche
16%
Eben
15%
häng'
15%
nehm'
15%
Augen
14%
fallen
14%
fliegen
14%
getan?
14%
klar.
14%
saufe
14%
ganze
13%
Kippen
13%
kommen
13%
Sinn.
13%
draußen
11%
nächtelang
11%
wartest
11%
Keine übereinstimmenden Quizze gefunden
Verteilung der Resultate
Anzahl Personen mit jedem Resultat
Perzentil nach korrekt beantworteten Fragen
Ihre Resultats-Entwicklung
Sie haben dieses Quiz noch nicht gespielt